000 00998nam a22002537a 4500
005 20240530110415.0
008 150302s2003 su e a 000 0 ara d
017 _a1167/1424
_bالسعودية . مكتبة الملك فهد
020 _a9960403211
040 _aEG-CaGPL
041 0 _aara
082 0 4 _221
_a745.2
_bط/ج س
100 1 _aجوود ، كيث
_qكيث جوود
245 1 0 _aاعمال كهربائية مثيرة /
_cتاليف كيث جوود ؛ ترجمة مركز التعريب والترجمة بمكتبة العبيكان
250 _aط1
260 _aالسعودية :
_bمكتبة العبيكان ،
_c2003
300 _a31 ص :
_bايض ؛
_c32 سم
490 0 _aسلسلة تحديات التصميم
650 0 4 _aالتصميم الصناعى
650 0 4 _aالالات
_xتصميم
710 2 _aمركز التعريب والترجمة بمكتبة العبيكان
_eمترجم
942 _2ddc
_cBK
999 _c60535
_d60535